| 000 | 00697nam a2200181 a 4500 | ||
|---|---|---|---|
| 008 | 120416s1978 ||||||||||||||||| || u | ||
| 020 | _a057111055X | ||
| 050 | _aNA 7328 Pen | ||
| 100 | _aPenoyre, John | ||
| 245 | 1 | 0 | _aHouses in the landscape: a regional study of vernacular building styles in England and Wales |
| 260 |
_aLondon: _bFaber and Faber _c1978 |
||
| 300 | _a175p. : ill. | ||
| 350 | _a0.00 | ||
| 650 | _aVERNACULAR ARCHITECTURE | ||
| 650 | _aVERNACULAR ARCHITECTURE--ENGLAND | ||
| 650 | _aVERNACULAR ARCHITECTURE--WALES | ||
| 995 |
_D0.00 _FCBU-MAIN LIBRARY (Kitwe) _H1 _I7.95 _M1 _UAVAILABLE _ZAnnex Low-Usage Collection |
||
| 999 |
_c45716 _d45716 |
||